Music Quiz

Random Music or Artist Quiz

VMA Best Female Video Nominees Quiz Stats

 Plays Quiz Updated Aug 24, 2016

Challenge
Share
Tweet
Embed
Score 0/161 Timer 16:00
1 Play Today
Year Artist % Correct
1999Britney Spears
95.6%
2000Britney Spears
95.6%
2002Britney Spears
95.6%
2004Britney Spears
95.6%
2008Britney Spears
95.6%
2004Beyoncé
94.5%
2007Beyoncé
94.5%
2009Beyoncé
94.5%
2010Beyoncé
94.5%
1985Madonna
94.3%
1987Madonna
94.3%
1987Madonna
94.3%
1989Madonna
94.3%
1990Madonna
94.3%
1991Madonna
94.3%
1992Madonna
94.3%
1995Madonna
94.3%
1998Madonna
94.3%
1999Madonna
94.3%
2001Madonna
94.3%
2006Madonna
94.3%
2003Beyoncé
93.7%
2012Katy Perry
93.3%
2008Katy Perry
93.3%
2009Katy Perry
93.3%
2010Katy Perry
93.3%
2014Beyoncé
92.6%
2014Katy Perry featuring Juicy J
92.4%
2009Lady Gaga
92.3%
2010Lady Gaga
92.3%
2015Beyoncé
91.6%
2016Beyoncé
91.1%
2012Rihanna
88%
2007Rihanna
87.6%
2008Rihanna
87.6%
2013Rihanna featuring Mikky Ekko
86.8%
2016Adele
85.6%
2016Rihanna featuring Drake
85.6%
2002Shakira
85.2%
2005Shakira
85.2%
2006Shakira
85.2%
2005Kelly Clarkson
84.7%
2006Kelly Clarkson
84.7%
2009Kelly Clarkson
84.7%
2012Beyoncé
83.9%
2013Taylor Swift
83.7%
2001Eve featuring Gwen Stefani
83.3%
2015Taylor Swift
83.3%
2005Gwen Stefani
82.9%
2002Pink
82.4%
2009Pink
82.4%
2013P!nk featuring Nate Ruess
81.5%
2000Christina Aguilera
81%
2003Christina Aguilera
81%
Year Artist % Correct
2004Christina Aguilera
81%
2006Christina Aguilera
81%
1984Cyndi Lauper
80.3%
1984Cyndi Lauper
80.3%
1985Cyndi Lauper
80.3%
1987Cyndi Lauper
80.3%
2009Taylor Swift
77.7%
2010Taylor Swift
77.7%
2010Ke$ha
77.3%
2007Fergie
74.5%
2014Lorde
73.1%
2007Amy Winehouse
72.1%
1998Mariah Carey
70.8%
2005Mariah Carey
70.8%
2008Mariah Carey
70.8%
2012Nicki Minaj
70.6%
2015Nicki Minaj
70.2%
2006Nelly Furtado
62.3%
2007Nelly Furtado
62.3%
1987Janet Jackson
60%
1988Janet Jackson
60%
1991Janet Jackson
60%
1993Janet Jackson
60%
1994Janet Jackson
60%
2001Janet Jackson
60%
1986Whitney Houston
59.6%
2014Ariana Grande featuring Iggy Azalea
59.1%
1985Tina Turner
58.5%
1986Tina Turner
58.5%
2013Miley Cyrus
58.1%
1996Alanis Morissette
56%
2014Iggy Azalea featuring Charli XCX
54.6%
2008Jordin Sparks
53.2%
2016Sia
52.8%
1984Pat Benatar
52.5%
1989Paula Abdul
51.6%
1990Paula Abdul
51.6%
1991Paula Abdul
51.6%
1998Shania Twain
51.4%
2015Sia
51.2%
1999Jennifer Lopez
50.8%
2001Jennifer Lopez
50.8%
2003Jennifer Lopez
50.8%
2001Missy Elliott
50%
2003Missy Elliott
50%
1997Toni Braxton
47.7%
2000Toni Braxton
47.7%
1990Sinéad O'Connor
45.8%
1996Jewel
44.8%
1997Jewel
44.8%
1989Tracy Chapman
44.2%
1996Tracy Chapman
44.2%
2016Ariana Grande
43.2%
2015Ellie Goulding
41.2%
Year Artist % Correct
1998Natalie Imbruglia
41%
1999Lauryn Hill
41%
2004Alicia Keys
40.6%
2003Avril Lavigne
39%
2013Demi Lovato
38.3%
1985Sade
37.1%
1992Annie Lennox
35.2%
1993Annie Lennox
35.2%
1995Annie Lennox
35.2%
1997Meredith Brooks
31.2%
1994Sheryl Crow
30.8%
2011Beyoncé
30.4%
2011Katy Perry
30.4%
2011Lady Gaga
30%
1988Cher
29.9%
1998Fiona Apple
29.3%
1984Donna Summer
27.5%
2011Adele
27.1%
1986Aretha Franklin
27%
2000Macy Gray
26.9%
1997Paula Cole
25.4%
2004Jessica Simpson
24.9%
1994Björk
23.6%
1992Vanessa L. Williams
23.5%
1996Bjork
23.5%
2000Aaliyah
23%
2011Nicki Minaj
22.6%
1993k.d. lang
21.2%
2001Dido
20.7%
2002Ashanti
20.4%
2012Selena Gomez & The Scene
18.9%
1990Alannah Myles
18.3%
1988Suzanne Vega
17.8%
2002Michelle Branch
16.6%
1991Amy Grant
16%
2005Amerie
15.6%
1986Kate Bush
15.4%
1987Kate Bush
15.4%
1986Grace Jones
14.5%
1988Lita Ford
13.8%
1985Sheila E.
12.9%
1995Des'ree
12.3%
1992Tori Amos
12.2%
1984Bette Midler
12%
1997Erykah Badu
7.5%
1995PJ Harvey
6.2%
1988Jody Watley
6.1%
1989Jody Watley
6.1%
1991Neneh Cherry
5.5%
1993Neneh Cherry
5.5%
1989Tanita Tikaram
4.5%
1994Me'Shell NdegeOcello
3.7%
1990Michelle Shocked
2.7%

You're not logged in!

Compare scores with friends on all Sporcle quizzes.
Join for Free
OR
Log In

You Might Also Like...

Show Comments

Extras

Top Quizzes Today


Score Distribution

Your Account Isn't Verified!

In order to create a playlist on Sporcle, you need to verify the email address you used during registration. Go to your Sporcle Settings to finish the process.

Report this User

Report this user for behavior that violates our Community Guidelines.

Details: